Nuestra laicidad pública / (Record no. 154240)

MARC details
000 -LEADER
fixed length control field nam a22 7a 4500
005 - DATE AND TIME OF LATEST TRANSACTION
control field 20200213085137.0
008 - FIXED-LENGTH DATA ELEMENTS--GENERAL INFORMATION
fixed length control field 200213b mx ||||| |||| 00| 0 spa d
020 ## - INTERNATIONAL STANDARD BOOK NUMBER
International Standard Book Number 9786071610690
050 04 - LIBRARY OF CONGRESS CALL NUMBER
Classification number BR846.3
Item number P68 2012
100 1# - MAIN ENTRY--PERSONAL NAME
Personal name Poulat, Émile,
240 ## - UNIFORM TITLE
Uniform title Notre Laïcité publique. <La France est une République laique> (Constitutions de 1946 et 1958)
Language of a work Español
245 10 - TITLE STATEMENT
Title Nuestra laicidad pública /
Statement of responsibility, etc Emile Poulat ; prol y trad. de Roberto J. Blancarte
250 ## - EDITION STATEMENT
Edition statement Primera edición
260 ## - PUBLICATION, DISTRIBUTION, ETC. (IMPRINT)
Place of publication, distribution, etc México :
Name of publisher, distributor, etc Fondo de Cultura Económica,
Date of publication, distribution, etc 2012
300 ## - PHYSICAL DESCRIPTION
Extent 431 páginas ;
Dimensions 21 cm
490 ## - SERIES STATEMENT
Series statement Sección de obras de sociología
500 ## - GENERAL NOTE
General note Índice
650 #7 - SUBJECT ADDED ENTRY--TOPICAL TERM
Source of heading or term lemb
Topical term or geographic name as entry element Iglesia y Estado
Geographic subdivision Francia
General subdivision Historia
650 #7 - SUBJECT ADDED ENTRY--TOPICAL TERM
Source of heading or term lemb
Topical term or geographic name as entry element Laicismo
Geographic subdivision Francia
General subdivision Historia
Chronological subdivision Siglo XX
700 1# - ADDED ENTRY--PERSONAL NAME
Personal name Blancarte, Roberto,
Relator term prologuista, traductor
942 ## - ADDED ENTRY ELEMENTS (KOHA)
Source of classification or shelving scheme Biblioteca del Cogreso de los Estados Unidos
Koha item type Libro
Holdings
Estado de pérdida Fuente de clasificación Estado del daño No para préstamo Ubicación permanente Ubicación actual Apartado o colección Fecha de adquisición Área del conocimiento Clasificación Código de Barras Date last seen Número de copia Costo por reposición Tipo de recurso
  Biblioteca del Cogreso de los Estados Unidos     Biblioteca del Instituto de Investigaciones Históricas Biblioteca del Instituto de Investigaciones Históricas General 13/02/2020 Educación y Humanidades BR846.3 P68 2012 IIH000029731 13/02/2020 C:1 1.00 Libro